00638nam a22001932 4500001001100000005001700011008004100028020002900069040001500098050002100113100003600134245009600170250001700266260003400283300001600317650003800333700004000371700003300411000000526320151217151959.0070611s xx 000 0 eng d a3527298495 :cGBP 135.00 aKABUcKABU 0aTP200b.B83 20001 aBuchel, Karl Heinz.@000015646010aIndustrial inorganic chemistry /cKarl Heinz Buchel, Hans-Heinrich Moretto, Peter Woditsch. a2nd rev. ed. aNew York :bWiley-Veh,c2000. axxv, 642 p. 0aChemistry, Technical.@00001564541 aMoretto, Hans-Heinrich.@00001564611 aWoditsch, Peter.@0000156462